| 000 | 00832nam a2200193 a 4500 | ||
|---|---|---|---|
| 001 | 000015965 | ||
| 005 | 20200929164222.0 | ||
| 008 | 100222s1998 dr c 000 0 spa d | ||
| 040 |
_aDO-SdBNP _bspa _cBNPHU |
||
| 082 |
_axxxx _bR332e |
||
| 245 | 0 | 3 |
_aLa reforma del Estado en América Latina y el Caribe / _cFederico Mayor [et. al]. ; compiladores Jorge Nieto Montesinos, Onofre Rojas ; edición Marcela Villegas. |
| 260 |
_aSanto Domingo : _bUnidad para la Cultura Democrática y la Gobernabilidad _bUNESCO, _c1998. |
||
| 300 |
_a78 p. : _bretrs. ; _c26 cm. |
||
| 700 | 1 |
_aMayor, Federico _935869 |
|
| 700 | 1 |
_aNieto Montesinos, Jorge, _ecomp. _935870 |
|
| 700 | 1 |
_aRojas, Onofre, _ecomp. _931119 |
|
| 710 | 1 |
_aRepública Dominicana Comisión Presidencial para la Reforma y Modernización del Estado Dominicano _935871 |
|
| 049 | _aBNPD | ||
| 999 |
_c15507 _d15507 |
||